Bienvenue à la Médiathèque de Saint-Andiol
banniere
Accueil Recherche avancée Mon compte
handi1 Rechercher dans le catalogue

Filtre   Mots-clés
  Recherche avancée
 
Lister les dernières nouveautés
 
Lister les livres GROS CARACTERES
 
Lister les périodiques (magazines)

handi1 invisibles (Les)

Book Cover
Auteur principal : Shannon Messenger
Autres auteurs : Mathilde Tamae-Bouhon
Titre : invisibles (Les)
Support : Livres
Langue : Francais
Publié : 2018 Pocket jeunesse PKJ Paris
Series : Gardiens des cités perdues
Genre : Science fiction
Collection : Gardiens des cités perdues
Sujets :
Étiquettes :
Pas de tags
LEADER 01284nam0a2200241 450
001 16851158
010 |a 978-2-266-27267-4  |b br.  |d 8,4 € 
100 |a 20200611d2018 u u0frey01 ba 
101 1 |a fre  |c eng 
102 |a FR 
200 0 |a invisibles (Les)  |f Shannon Messenger  |g traduit de l'anglais (Etats-Unis) par Mathilde Tamae-Bouhon 
207 1 |a   
210 |a Paris  |c Pocket jeunesse PKJ  |d 2018 
215 |a 1 vol. (633 p.)  |c Couv. ill. en coul.  |d 18 cm 
225 1 |a Gardiens des cités perdues  |v J3049 
327 |a Best Seller 
330 |a Passage en poche, avec label Best-seller, du tome 4 de la série à succès parue en grand format chez Lumen. Sophie rejoint enfin le Cygne Noir, la mystérieuse organisation clandestine qui lui a fait voir le jour. Accompagnée de Fitz, Biana, Keefe et Dex, elle quitte les Cités perdues pour Florence. Là-bas, elle espère en apprendre plus sur ellemême, mais aussi sur les Invisibles, le groupe de rebelles qui cherche à déstabiliser le monde des elfes... 
461 0 |t Gardiens des cités perdues  |v 4 
700 0 |a Messenger  |b Shannon  |4 70 
702 0 |a Tamae-Bouhon  |b Mathilde  |4 730 
900 |a Science fiction 
901 |a Adultes 
995 |a Médiathèque  |c Médiathèque  |f 089017420  |h 089017420  |k J MES 4 SF  |o p  |q a  |r az  |e Médiathèque